000 01232nam a2200325 i 4500
003 EG-GICUC
005 20260415185150.0
008 260415s2001 ua ||||fr|||| 00| 0bara d
017 _a2001/16553
020 _a9770436011
040 _a EG-GICUC
_bara
_c EG-GICUC
_d EG-GICUC
_erda
041 0 _aara
082 0 4 _221
_a343.62
_bأ ي . ج
092 0 4 _221
099 _aLaw1 10 343.62 أ ي . ج 2001
100 0 _aأيهاب يسر أنور
_eمؤلف.
245 1 2 _aالجوانب الموضوعية والإجرائية في الامتداد الزمني للواقعة الإجرامية /
_cتأليف الدكتور أيهاب يسر أنور.
264 1 _aالقاهرة :
_bدار النهضة العربية،
_c2001.
300 _a148 صفحة ؛
_c24 سم.
336 _2rda content
_atext
337 _2rda media
_aComputer
338 _2rda carrier
_aOnline Resource
504 _aيشتمل على إرجاعات ببليوجرافية
546 _aالنص باللغة العربية
650 1 4 _aالسلوك الإجرامي
_xنظريات
650 1 4 _aالقانون الجنائي
856 4 0 _uhttps://fll.law.cu.edu.eg/fulltext/bks/B10-09885.pdf
905 _a164
942 _2ddc
_cBK
_e21
_n0
999 _c71219
_d71219